Miasta w województwie śląskim - nagła śmierć - Statystyki

Ogólne statystyki
  • Ten quiz został rozwiązany 755 razy
    708 od ostatniego zresetowania
  • Średni wynik to 14 z 20
Answers on the Grid
Answers color-coded by a green-red scale on the quiz's grid according to % correct below.
Braniewo
Bytom
Bytów
Czechowice-Dziedzice
Czerwionka-Leszczyny
Częstochowa
Dąbrowa Górnicza
Dębica
Działdowo
Gliwice
Głogów
Gołdap
Goleniów
Gorlice
Hajnówka
Jastrzębie-Zdrój
Jaworzno
Kartuzy
Katowice
Kędzierzyn-Koźle
Kościerzyna
Kraśnik
Kutno
Łaziska Górne
Lubin
Lublin
Lubliniec
Łuków
Mysłowice
Nisko
Przemyśl
Pszczyna
Radomsko
Ruda Śląska
Rybnik
Ryki
Sanok
Siemianowice Śląskie
Świętochłowice
Tarnów
Tarnowskie Góry
Toruń
Wołomin
Ząbkowice Śląskie
Zabrze
Żagań
Zakopane
Żary
Zduńska Wola
Żory
 
Statystyki odpowiedzi
Odpowiedź % Poprawnych
Bytom
96%
Dąbrowa Górnicza
88%
Gliwice
88%
Częstochowa
86%
Katowice
85%
Jaworzno
78%
Rybnik
74%
Jastrzębie-Zdrój
73%
Ruda Śląska
73%
Mysłowice
70%
Siemianowice Śląskie
70%
Czechowice-Dziedzice
68%
Świętochłowice
64%
Zabrze
64%
Tarnowskie Góry
63%
Pszczyna
62%
Żory
62%
Czerwionka-Leszczyny
54%
Lubliniec
49%
Łaziska Górne
47%
Nie znaleziono quizów pasujących do podanych kryteriów
Rozkład punktacji
Procent ludzi z każdym wynikiem
Percentyl według liczby udzielonych odpowiedzi
Twoja historia wyników
Nie rozwiązałeś tego quizu od ostatniego zresetowania